| 000 | 01762nam a2200445 i 4500 | ||
|---|---|---|---|
| 001 | 133032 | ||
| 003 | FlNmELB | ||
| 005 | 20241217180623.0 | ||
| 006 | m o d | | ||
| 007 | cr cnu|||||||| | ||
| 008 | 160912s2015 sp ob 000 0 spa d | ||
| 020 | _z9788436833553 | ||
| 020 | _a9788436833560 (e book) | ||
| 035 | _a(MiAaPQ)EBC4626682 | ||
| 035 | _a(Au-PeEL)EBL4626682 | ||
| 035 | _a(CaPaEBR)ebr11245473 | ||
| 035 | _a(OCoLC)984773593 | ||
| 040 |
_aFINmELB _bspa _erda _cFINmELB |
||
| 050 | 4 |
_aBF576 _bB5882 2015 |
|
| 080 | _a159.928.23 | ||
| 082 | 0 |
_a152.4 _223 |
|
| 245 | 0 | 0 |
_aBienestar en educación primaria : _bmejorando la vida personal y las relaciones con los demás / _cEugenio Carpintero Raimúndez [y otros 4]. |
| 264 | 1 |
_aMadrid : _bLarousse - Ediciones Pirámide, _c2015. |
|
| 300 | _a1 recurso en línea (175 páginas) | ||
| 336 |
_atexto _btxt _2rdacontent/spa |
||
| 337 |
_acomputadora _bc _2rdamedia/spa |
||
| 338 |
_arecurso en línea _bcr _2rdacarrier/spa |
||
| 490 | 1 | _aColección "Ojos solares". Sección Programas | |
| 504 | _aContiene bibliografía. | ||
| 588 | _aDescripción basada en recurso en línea; Título de la página del título en PDF (e-libro, visto September 12, 2016). | ||
| 590 | _aRecurso electronico. Santa Fe, Arg. : e-libro, 2016. Disponible via World Wide Web. El acceso puede ser limitado para las bibliotecas afiliadas a e-libro. | ||
| 650 | 0 | _aEmotional intelligence. | |
| 650 | 0 | _aSocial skills. | |
| 650 | 4 | _aPsicología. | |
| 655 | 4 | _aLibros electrónicos. | |
| 700 | 1 |
_aCarpintero Raimúndez, Eugenio, _eautor. |
|
| 797 | 2 | _ae-libro, Corp. | |
| 830 | 0 | _aColección "Ojos solares". Sección Programas. | |
| 856 | 4 | 0 | _uhttps://elibro.net/ereader/politecnicointernacional/49117 |
| 999 |
_c133032 _d133032 |
||